| 000 | 00668nam a2200229 a 4500 | ||
|---|---|---|---|
| 001 | BRCA_8279 | ||
| 005 | 20190320210217.0 | ||
| 008 | 110614s1952----u--a###f##---#000-0#eng-# | ||
| 041 | _aeng | ||
| 044 | _au | ||
| 050 | 4 |
_aSB409 _b.B6 1952 |
|
| 100 | 1 |
_aBoyle, Louis M. _920679 |
|
| 245 | 1 | 0 |
_aGrowing Cymbidium Orchids _band other flowers _cLouis M. Boyle |
| 260 |
_aEstados Unidos de América _bTimes-Mirror _c1952 |
||
| 300 |
_a526 p. _bil. (algunas a color) _c25 cm. |
||
| 440 | 0 |
_aOut West: The Story of El Rancho Rinconada _920680 |
|
| 500 | _aS63 | ||
| 650 | 1 | 4 |
_aOrquídeas _vCultivo _920681 |
| 650 | 1 | 4 |
_aFloricultura _920280 |
| 902 | _aGFM | ||
| 942 |
_2lcc _cB |
||
| 999 |
_c7947 _d7947 |
||